000 00346nam a2200157Ia 4500
008 210210b1943 xxu||||| |||| 00| 0 eng d
041 _aeng
082 _a823/357
100 _aSHAKESPEARE (William)
245 _aRichard II
260 _aLondon
_b-
_c1943
650 _aRichard
650 _aII
690 _aEnglish Drama
906 _a013901
999 _c132970
_d132970